Random screenshot from a video games - Statistics

General Stats
  • This quiz has been taken 18 times
  • The average score is 4 of 15
Answer Stats
Picture Answer % Correct
Batman
67%
God of war
67%
Red Dead Redemption 2
47%
Assassin’s Creed
40%
Far cry New Dawn
40%
The Elder Scrolls V: Skyrim
33%
Cyberpunk 2077
20%
Horizon Zero Dawn
20%
The Crew 2
13%
Counter Strike Global Offensive
7%
Resident Evil Village
7%
Dying light 2
0%
Manual Samuel
0%
Mass Effect: Andromeda
0%
Trine 3
0%
No matching quizzes found
Score Distribution
Percent of People with Each Score
Percentile by Number Answered
Your Score History
You have not taken this quiz